| 000 | 00847 a2200277 4500 | ||
|---|---|---|---|
| 003 | OSt | ||
| 005 | 20180116192355.0 | ||
| 008 | 120612t xxu||||| |||| 00| 0 eng d | ||
| 010 | _a 2004046325 | ||
| 020 | _a140511858X (pbk. : alk. paper) | ||
| 020 | _a9781405118583 | ||
| 040 | _c0 | ||
| 082 | 0 | 0 | _a646.4072 |
| 100 | 1 |
_aHaggar, Ann. _94477 |
|
| 245 | 1 | 0 |
_aPattern cutting for lingerie, beachwear and leisurewear / _cAnn Haggar. |
| 250 | _a2nd ed. | ||
| 260 |
_aOxford : _bBlackwell Pub., _c2004. |
||
| 300 |
_a279 p. : _b ill. ; _c25 cm. |
||
| 500 | _aIncludes index. | ||
| 650 | 1 | 0 |
_aLingerie. _94478 |
| 650 | 1 | 0 |
_aBathing suits. _94479 |
| 650 | 1 | 0 |
_aSleepwear. _94480 |
| 650 | 1 | 0 |
_aDressmaking _xPattern design. _94481 |
| 942 |
_aSADA _cBK _k646.4072 HAG 2004 _2ddc |
||
| 999 |
_c353086 _d353086 |
||